[Event "Groningen op 59th"]
[Site "Groningen"]
[Date "2023.12.28"]
[Round "7"]
[White "Jin, Yueheng"]
[Black "Lahaye, Rick"]
[Result "1/2-1/2"]
[WhiteElo "2398"]
[BlackElo "2439"]
[PlyCount "123"]
[EventDate "2023.12.21"]
[EventType "swiss"]
[EventRounds "9"]
[EventCountry "NED"]
[SourceTitle "CB04_2024"]
[SourceDate "2023.10.16"]
[SourceVersion "1"]
[SourceVersionDate "2023.10.16"]
[SourceQuality "1"]

1. d4 Nf6 2. c4 g6 3. g3 Bg7 4. Bg2 0-0 5. Nf3 d6 6. Nc3 Nc6 7. 0-0 a6 8. e4 Rb8 9. Re1 Bg4 10. Be3 Nd7 11. Qd2 Na5 12. b3 c5 13. Ng5 h6 14. h3 hxg5 15. hxg4 cxd4 16. Bxd4 Bxd4 17. Qxd4 Ne5 18. Qd2 e6 19. Rad1 Qf6 20. Qxd6 Nxg4 21. Qd4 Ne5 22. Ne2 g4 23. Qd2 Nac6 24. Qh6 Rfd8 25. Rf1 Rxd1 26. Rxd1 Rd8 27. Qc1 Nb4 28. a3 Rxd1+ 29. Qxd1 Nbd3 30. Qf1 Qg5 31. Qd1 b6 32. Nd4 Qd8 33. Nc2 Qf6 34. Qd2 Nc5 35. b4 Ncd3 36. Ne3 Qd8 37. Qc3 a5 38. Kf1 axb4 39. axb4 Qd6 40. Nc2 Nc6 41. Qd2 Nce5 42. Ke2 Qe7 43. Qc3 Qa7 44. Bf1 Qa2 45. Kd2 Qb1 46. Qa1 Qxa1 47. Nxa1 Nxb4 48. Nb3 Na6 49. Ke3 Nc5 50. Nd2 Kf8 51. Be2 Ke7 52. Nf1 f5 53. Nd2 Kf6 54. exf5 gxf5 55. Bf1 Ke7 56. Be2 Kd6 57. Bf1 Na4 58. Kd4 Nc6+ 59. Ke3 Ne5 60. Kd4 Nb2 61. Be2 Na4 62. Bf1 1/2-1/2

[Event "Amsterdam op 1st"]
[Site "Amsterdam"]
[Date "2023.10.29"]
[Round "5"]
[White "Lahaye, Rick"]
[Black "Pijpers, Arthur"]
[Result "1-0"]
[WhiteElo "2427"]
[BlackElo "2433"]
[PlyCount "69"]
[EventDate "2023.10.27"]
[EventType "swiss"]
[EventRounds "6"]
[EventCountry "NED"]
[SourceTitle "Mega2024 Update 01"]
[Source "Chessbase"]
[SourceDate "2023.11.12"]
[SourceVersion "1"]
[SourceVersionDate "2023.11.12"]
[SourceQuality "1"]

1. c4 g6 2. e3 Bg7 3. a3 Nf6 4. b4 a5 5. Bb2 0-0 6. Qb3 d6 7. Nf3 e5 8. d3 e4 9. Nfd2 exd3 10. Bxd3 Re8 11. 0-0 Nbd7 12. Nc3 Ne5 13. Be2 h5 14. Nb5 h4 15. Bc3 h3 16. g3 axb4 17. axb4 Rxa1 18. Rxa1 Bg4 19. Qd1 Qd7 20. Ra7 Bxe2 21. Qxe2 Qc6 22. f3 Bh6 23. Bd4 Neg4 24. Ra3 Ne5 25. Nc3 b6 26. b5 Qb7 27. Qf1 c5 28. bxc6 Nxc6 29. Bxf6 Bxe3+ 30. Kh1 Bd4 31. Nd5 Re6 32. Ne4 Bxf6 33. Ndxf6+ Kg7 34. Qa1 Ne5 35. Nd5 1-0

[Event "Amsterdam op 1st"]
[Site "Amsterdam"]
[Date "2023.10.27"]
[Round "1"]
[White "Margaryan, Artur"]
[Black "Lahaye, Rick"]
[Result "1/2-1/2"]
[WhiteElo "2098"]
[BlackElo "2427"]
[PlyCount "48"]
[EventDate "2023.10.27"]
[EventType "swiss"]
[EventRounds "6"]
[EventCountry "NED"]
[SourceTitle "Mega2024 Update 01"]
[Source "Chessbase"]
[SourceDate "2023.11.12"]
[SourceVersion "1"]
[SourceVersionDate "2023.11.12"]
[SourceQuality "1"]

1. d4 d5 2. c4 c6 3. cxd5 cxd5 4. Nc3 Nf6 5. Bf4 e6 6. e3 a6 7. Bd3 Bd6 8. Nf3 Nc6 9. Rc1 0-0 10. 0-0 Bxf4 11. exf4 Qd6 12. g3 b5 13. Ne5 Bd7 14. Bb1 Rfc8 15. Qd3 Be8 16. Rfe1 Qb4 17. Ng4 Ne4 18. Nxe4 dxe4 19. Qxe4 Nxd4 20. Rcd1 Rd8 21. Qxh7+ Kf8 22. Qh8+ Ke7 23. Qxg7 Nf3+ 24. Kh1 Nxe1 1/2-1/2

[Event "Leiden Noteboom Memorial 82nd"]
[Site "Leiden"]
[Date "2023.02.25"]
[Round "3"]
[White "Kuling, Lody"]
[Black "Lahaye, Rick"]
[Result "1/2-1/2"]
[WhiteElo "2225"]
[BlackElo "2429"]
[PlyCount "164"]
[EventDate "2023.02.24"]
[EventType "swiss"]
[EventRounds "6"]
[EventCountry "NED"]
[SourceTitle "CBM 212 Extra"]
[Source "ChessBase"]
[SourceDate "2023.03.31"]
[SourceVersion "1"]
[SourceVersionDate "2023.03.31"]
[SourceQuality "1"]

1. d4 Nf6 2. c4 e6 3. Nc3 Bb4 4. e3 0-0 5. Nge2 d5 6. a3 Be7 7. cxd5 Nxd5 8. e4 Nxc3 9. Nxc3 c5 10. d5 Bf6 11. Be2 exd5 12. exd5 Bf5 13. 0-0 Nd7 14. Bf4 Re8 15. Bb5 c4 16. Qd2 Bxc3 17. Qxc3 Re4 18. Bxd7 Qxd7 19. Qd2 Rae8 20. Rfe1 Qxd5 21. Rxe4 Qxe4 22. Qe3 Qc6 23. Qd2 h6 24. Re1 Rc8 25. Be5 Bd3 26. Bc3 a6 27. Qe3 Rd8 28. Qg3 Bg6 29. Qe5 f6 30. Qe6+ Qxe6 31. Rxe6 Kf7 32. Re1 Bd3 33. f3 Rd5 34. Kf2 b6 35. Re3 a5 36. Re1 Rb5 37. g4 h5 38. Kg3 hxg4 39. fxg4 Rd5 40. h4 Bc2 41. Kf4 Rd3 42. g5 Rd5 43. Kg4 Kg6 44. gxf6 gxf6 45. Rf1 Bd1+ 46. Kg3 Rd3+ 47. Kg2 f5 48. Rf4 b5 49. Rd4 a4 50. Rxd3 cxd3 51. Kg3 Kh5 52. Be1 Kg6 53. Kf4 Kf6 54. Bc3+ Ke6 55. Ke3 Be2 56. h5 Bxh5 57. Kxd3 Kd5 58. Bh8 f4 59. Bg7 Bf3 60. Bh6 Ke5 61. Kd2 Ke4 62. Bf8 Bh5 63. Bd6 Kf3 64. Bc7 Bf7 65. Bd6 Bc4 66. Bc7 Ke4 67. Bd8 Kf3 68. Bc7 Kg3 69. Be5 Kg4 70. Ke1 Kf3 71. Kd2 Bd5 72. Bd6 Bc4 73. Bc7 Ke4 74. Bb6 b4 75. axb4 Bb5 76. Ke1 Kd3 77. Kf2 Bc6 78. Bc7 f3 79. b5 Bb7 80. b6 Kc4 81. Bd8 Kb3 82. Bf6 Kc2 1/2-1/2

[Event "Leiden Noteboom Memorial 82nd"]
[Site "Leiden"]
[Date "2023.02.25"]
[Round "2"]
[White "Lahaye, Rick"]
[Black "Thakoerdien, Jerrel"]
[Result "1-0"]
[WhiteElo "2429"]
[BlackElo "2148"]
[PlyCount "111"]
[EventDate "2023.02.24"]
[EventType "swiss"]
[EventRounds "6"]
[EventCountry "NED"]
[SourceTitle "CBM 212 Extra"]
[Source "ChessBase"]
[SourceDate "2023.03.31"]
[SourceVersion "1"]
[SourceVersionDate "2023.03.31"]
[SourceQuality "1"]

1. c4 Nf6 2. Nf3 e6 3. g3 b6 4. Bg2 Bb7 5. 0-0 c5 6. b3 Be7 7. Bb2 0-0 8. Nc3 d5 9. cxd5 Nxd5 10. Re1 Nxc3 11. Bxc3 Nc6 12. Ne5 Qc7 13. Nxc6 Bxc6 14. e4 e5 15. f4 Bd6 16. Rc1 Rfd8 17. Bh3 exf4 18. e5 fxg3 19. exd6 Qxd6 20. Qg4 gxh2+ 21. Kf2 Qh6 22. Bg2 Rd6 23. Bxc6 Rxc6 24. Qe4 Rf8 25. Kg2 Re6 26. Qf3 h1Q+ 27. Rxh1 Qg5+ 28. Kf2 c4 29. Rcg1 Qc5+ 30. Kf1 Rg6 31. b4 Qe7 32. Qh5 h6 33. Qe5 Rxg1+ 34. Rxg1 Qxe5 35. Bxe5 f6 36. Bc3 b5 37. Rg4 Kf7 38. Rd4 Ke6 39. Re4+ Kf7 40. Bd4 Rd8 41. Bc5 Rd7 42. Ke2 a6 43. Re3 Rc7 44. Re4 g5 45. Rd4 a5 46. Rd6 axb4 47. Bxb4 Re7+ 48. Kf3 Re6 49. Rd5 Ra6 50. a3 Rb6 51. Ba5 Rb7 52. Rd6 Re7 53. Bc3 Re6 54. Rd7+ Re7 55. Rd5 f5 56. Rxf5+ 1-0

[Event "Groningen op 58th"]
[Site "Groningen"]
[Date "2022.12.30"]
[Round "9"]
[White "Lahaye, Rick"]
[Black "Poetsch, Hagen"]
[Result "1/2-1/2"]
[WhiteElo "2435"]
[BlackElo "2478"]
[PlyCount "102"]
[EventDate "2022.12.21"]
[EventType "swiss"]
[EventRounds "9"]
[EventCountry "NED"]
[SourceTitle "CBM 211 Extra"]
[Source "ChessBase"]
[SourceDate "2023.01.31"]
[SourceVersion "1"]
[SourceVersionDate "2023.01.31"]
[SourceQuality "1"]

1. c4 e5 2. e3 Nf6 3. Nc3 Nc6 4. a3 d5 5. cxd5 Nxd5 6. Qc2 Nxc3 7. Qxc3 Bd6 8. d3 0-0 9. Nf3 Qe7 10. Be2 a5 11. 0-0 a4 12. Nd2 Na5 13. Bd1 Bd7 14. b4 axb3 15. Bb2 f6 16. Nxb3 Nxb3 17. Bxb3+ Kh8 18. a4 Ra6 19. Qc2 f5 20. Bc4 Rc6 21. Qb3 Rb6 22. Qc3 Be6 23. a5 Rc6 24. Qb3 Bxc4 25. dxc4 Rb8 26. Rfd1 Ra6 27. Bc3 Qe8 28. Rd5 b6 29. Qd1 Qc6 30. Qd3 bxa5 31. c5 Be7 32. Bxe5 Bf6 33. Rd1 Raa8 34. Qxf5 a4 35. Bxf6 Qxf6 36. Qxf6 gxf6 37. R5d2 a3 38. Ra2 Rb2 39. Rda1 Kg7 40. g3 Rxa2 41. Rxa2 Kf7 42. Kf1 Ke6 43. Ke2 Kd5 44. Kd3 Kxc5 45. Kc3 Kd5 46. f3 f5 47. Kb3 Rb8+ 48. Kc2 Ra8 49. Kb3 Rb8+ 50. Kc2 Ra8 51. Kb3 Ke5 1/2-1/2

[Event "Groningen op 58th"]
[Site "Groningen"]
[Date "2022.12.24"]
[Round "4"]
[White "Nicolai, Amir"]
[Black "Lahaye, Rick"]
[Result "0-1"]
[WhiteElo "2188"]
[BlackElo "2435"]
[PlyCount "96"]
[EventDate "2022.12.21"]
[EventType "swiss"]
[EventRounds "9"]
[EventCountry "NED"]
[SourceTitle "CBM 211 Extra"]
[Source "ChessBase"]
[SourceDate "2023.01.31"]
[SourceVersion "1"]
[SourceVersionDate "2023.01.31"]
[SourceQuality "1"]

1. e4 c5 2. c3 Nf6 3. e5 Nd5 4. Nf3 e6 5. d4 cxd4 6. cxd4 b6 7. Nc3 Nxc3 8. bxc3 Qc7 9. Bb5 Ba6 10. Bxa6 Nxa6 11. Qd3 Qc6 12. 0-0 Nc7 13. a4 Rc8 14. Ng5 Nd5 15. Bd2 Be7 16. Ne4 f5 17. exf6 gxf6 18. Rfc1 Qc4 19. Qg3 Kf7 20. Qf3 Rhg8 21. Qh5+ Kg7 22. Bh6+ Kh8 23. Nd2 Qd3 24. c4 Nc3 25. Kh1 Qxd4 26. Qf3 Rg6 27. Qxc3 Qxc3 28. Rxc3 Rxh6 29. Rd3 Rc7 30. Ne4 Rh4 31. f3 f5 32. Nd2 Bf6 33. Rd1 Rd4 34. Rxd4 Bxd4 35. g4 fxg4 36. fxg4 Be3 37. h3 Bxd2 38. Rxd2 Rxc4 39. Rxd7 Rxa4 40. Kg2 Ra3 41. g5 a5 42. h4 h5 43. Rd6 b5 44. Rxe6 a4 45. Kf2 Rh3 46. Rb6 a3 47. Rxb5 a2 48. Ra5 Rh1 0-1

[Event "Groningen op 58th"]
[Site "Groningen"]
[Date "2022.12.23"]
[Round "3"]
[White "Lahaye, Rick"]
[Black "Albers, Sasa"]
[Result "1-0"]
[WhiteElo "2435"]
[BlackElo "2103"]
[PlyCount "89"]
[EventDate "2022.12.21"]
[EventType "swiss"]
[EventRounds "9"]
[EventCountry "NED"]
[SourceTitle "CBM 211 Extra"]
[Source "ChessBase"]
[SourceDate "2023.01.31"]
[SourceVersion "1"]
[SourceVersionDate "2023.01.31"]
[SourceQuality "1"]

1. g3 Nf6 2. Bg2 e5 3. c4 d5 4. cxd5 Nxd5 5. Nc3 Nb6 6. Nf3 Nc6 7. d3 Be7 8. a3 Be6 9. b4 0-0 10. Bb2 a5 11. b5 Nd4 12. 0-0 f6 13. Nd2 Ra7 14. e3 Nf5 15. Qe2 Qd7 16. Nc4 Nd6 17. Nxb6 cxb6 18. a4 Nf5 19. Rfd1 Bb3 20. Rdc1 Raa8 21. Ba3 Rad8 22. Qb2 Be6 23. Rd1 Bxa3 24. Rxa3 Qe7 25. Ne2 Rd7 26. Rc1 Rfd8 27. Rcc3 Qf7 28. Qc1 Ne7 29. d4 Nd5 30. Rc8 Qe7 31. Rxd8+ Qxd8 32. e4 Rc7 33. Qd2 Nb4 34. d5 Qd6 35. Rc3 Rc5 36. Rxc5 bxc5 37. Qc3 Bd7 38. Nc1 b6 39. Nb3 g5 40. Nd2 Kf7 41. Nc4 Qb8 42. Bf3 Kg7 43. Qd2 Kg6 44. Qe2 Qd8 45. Bg4 1-0

[Event "Groningen op 58th"]
[Site "Groningen"]
[Date "2022.12.21"]
[Round "1"]
[White "Lahaye, Rick"]
[Black "Labruyere, Roger"]
[Result "1/2-1/2"]
[WhiteElo "2435"]
[BlackElo "2105"]
[PlyCount "66"]
[EventDate "2022.12.21"]
[EventType "swiss"]
[EventRounds "9"]
[EventCountry "NED"]
[SourceTitle "CBM 211 Extra"]
[Source "ChessBase"]
[SourceDate "2023.01.31"]
[SourceVersion "1"]
[SourceVersionDate "2023.01.31"]
[SourceQuality "1"]

1. c4 e5 2. g3 c6 3. d4 exd4 4. Qxd4 d5 5. cxd5 cxd5 6. Bg2 Nf6 7. Nf3 Be7 8. Nc3 0-0 9. 0-0 Nc6 10. Qd3 Nb4 11. Qd1 Ne4 12. Ne1 Nxc3 13. bxc3 Bf6 14. Qb3 Nc6 15. Ba3 Na5 16. Qb5 Re8 17. Rd1 a6 18. Qb1 Be6 19. e4 Nc4 20. Bc1 Qb6 21. Qxb6 Nxb6 22. exd5 Rad8 23. c4 Nxc4 24. Bf4 Bg4 25. Bf3 Bxf3 26. Nxf3 h6 27. Rfe1 Rxe1+ 28. Nxe1 g5 29. Be3 Nb2 30. Rd2 Nc4 31. Rd3 Nb2 32. Rd2 Nc4 33. Rd3 Nb2 1/2-1/2

[Event "Hoorn Oscar Romero op"]
[Site "Hoorn"]
[Date "2022.08.28"]
[Round "6"]
[White "Achuthan, Dylan"]
[Black "Lahaye, Rick"]
[Result "1/2-1/2"]
[WhiteElo "1989"]
[BlackElo "2417"]
[PlyCount "31"]
[EventDate "2022.08.26"]
[EventType "swiss"]
[EventRounds "6"]
[EventCountry "NED"]
[SourceTitle "EXT 2023"]
[Source "ChessBase"]
[SourceDate "2022.10.05"]
[SourceVersion "1"]
[SourceVersionDate "2022.10.05"]
[SourceQuality "1"]

1. e4 c5 2. Nf3 a6 3. c3 d5 4. exd5 Qxd5 5. d4 Nf6 6. Be2 cxd4 7. cxd4 e6 8. Nc3 Qd6 9. Ne5 Nc6 10. Nxc6 bxc6 11. 0-0 Be7 12. Bg5 0-0 13. Qd2 a5 14. Rfd1 Ba6 15. Bxf6 Bxf6 16. Ne4 1/2-1/2

[Event "Hoorn Oscar Romero op"]
[Site "Hoorn"]
[Date "2022.08.27"]
[Round "2"]
[White "Lahaye, Rick"]
[Black "Labruyere, Roger"]
[Result "1-0"]
[WhiteElo "2417"]
[BlackElo "2070"]
[PlyCount "105"]
[EventDate "2022.08.26"]
[EventType "swiss"]
[EventRounds "6"]
[EventCountry "NED"]
[SourceTitle "EXT 2023"]
[Source "ChessBase"]
[SourceDate "2022.10.05"]
[SourceVersion "1"]
[SourceVersionDate "2022.10.05"]
[SourceQuality "1"]

1. c4 e5 2. g3 c6 3. d4 exd4 4. Qxd4 d5 5. cxd5 cxd5 6. Bg2 Nf6 7. Nf3 Nc6 8. Qd3 Be7 9. 0-0 0-0 10. a3 Ne4 11. Nfd2 Ne5 12. Qb3 Be6 13. Nxe4 dxe4 14. Qb5 Bf6 15. Nc3 Nc6 16. Be3 Bxc3 17. bxc3 Qd5 18. Qxb7 Nd4 19. Bxe4 Nxe2+ 20. Kh1 Qc4 21. Qb4 Rac8 22. Bxa7 Nxc3 23. Bg2 Qa6 24. Bd4 Rc4 25. Qb2 Rxd4 26. Qxc3 Rd3 27. Qb4 Rb3 28. Qe7 Qa4 29. Rfd1 Rbb8 30. Qd6 h6 31. Kg1 Bb3 32. Rd4 Qa5 33. Rb4 Rxb4 34. Qxb4 Qxb4 35. axb4 Rb8 36. Ra8 Rxa8 37. Bxa8 Ba4 38. f4 Kf8 39. Kf2 Ke7 40. Ke3 Kd6 41. Kd4 f5 42. Bd5 Bd7 43. Bc4 Bc8 44. Bd3 Be6 45. h4 Bc8 46. b5 Bd7 47. b6 Bc8 48. Bb5 Bb7 49. Kc4 Ba8 50. Ba6 Bg2 51. Bc8 Kc6 52. b7 Kc7 53. Kd4 1-0

[Event "Feffernitz op 31st"]
[Site "Feffernitz"]
[Date "2022.08.10"]
[Round "6"]
[White "Leisch, Lukas"]
[Black "Lahaye, Rick"]
[Result "1/2-1/2"]
[WhiteElo "2404"]
[BlackElo "2417"]
[PlyCount "34"]
[EventDate "2022.08.06"]
[EventType "swiss"]
[EventRounds "9"]
[EventCountry "AUT"]
[SourceTitle "CBM 209 Extra"]
[Source "ChessBase"]
[SourceDate "2022.09.30"]
[SourceVersion "1"]
[SourceVersionDate "2022.09.30"]
[SourceQuality "1"]

1. e4 c5 2. Nf3 a6 3. c3 d5 4. exd5 Qxd5 5. d4 Nf6 6. Be2 cxd4 7. cxd4 e6 8. Nc3 Qd6 9. 0-0 Nc6 10. Bg5 Be7 11. Qd2 0-0 12. Rad1 b5 13. Bf4 Qd8 14. Ne5 Bb7 15. Bf3 Rc8 16. Rfe1 Re8 17. h3 Qb6 1/2-1/2

[Event "Feffernitz op 31st"]
[Site "Feffernitz"]
[Date "2022.08.06"]
[Round "1"]
[White "Lahaye, Rick"]
[Black "Hamann, Martin"]
[Result "1-0"]
[WhiteElo "2417"]
[BlackElo "1856"]
[PlyCount "83"]
[EventDate "2022.08.06"]
[EventType "swiss"]
[EventRounds "9"]
[EventCountry "AUT"]
[SourceTitle "CBM 209 Extra"]
[Source "ChessBase"]
[SourceDate "2022.09.30"]
[SourceVersion "1"]
[SourceVersionDate "2022.09.30"]
[SourceQuality "1"]

1. Nf3 d5 2. g3 c5 3. Bg2 Nc6 4. 0-0 e5 5. d3 Nf6 6. e4 d4 7. Na3 Be7 8. Nc4 Qc7 9. a4 0-0 10. Bd2 Be6 11. Ne1 a6 12. a5 Bxc4 13. dxc4 Rac8 14. Nd3 Nd7 15. f4 f6 16. f5 b5 17. axb6 Nxb6 18. b3 Ra8 19. Qe1 Ra7 20. Ba5 Rfa8 21. Qd2 Nxa5 22. Rxa5 Nd7 23. Rfa1 Bd8 24. g4 Qc6 25. R5a2 a5 26. Qe1 a4 27. Qd1 Bb6 28. Qb1 Bd8 29. Nb2 Nb6 30. Ra3 Kf7 31. Kf2 Ke8 32. Kf3 Rb8 33. Bf1 g6 34. Qe1 Rg7 35. Nxa4 Nc8 36. Nb2 gxf5 37. gxf5 Nd6 38. Ra7 Rg5 39. Bh3 h5 40. Nd3 Nxf5 41. Kf2 Ne7 42. Bd7+ 1-0

[Event "Dieren op"]
[Site "Dieren"]
[Date "2022.07.30"]
[Round "5"]
[White "Elgersma, Onno"]
[Black "Lahaye, Rick"]
[Result "0-1"]
[WhiteElo "2316"]
[BlackElo "2417"]
[PlyCount "122"]
[EventDate "2022.07.26"]
[EventType "swiss"]
[EventRounds "9"]
[EventCountry "NED"]
[SourceTitle "CBM 209 Extra"]
[Source "ChessBase"]
[SourceDate "2022.09.30"]
[SourceVersion "1"]
[SourceVersionDate "2022.09.30"]
[SourceQuality "1"]

1. e4 c5 2. Nf3 d6 3. Bb5+ Nd7 4. 0-0 Ngf6 5. Re1 a6 6. Bf1 b6 7. d4 cxd4 8. Nxd4 Bb7 9. f3 Qc7 10. c4 e6 11. Be3 Be7 12. Nc3 0-0 13. Qd2 Rac8 14. Rac1 Qb8 15. Kh1 Kh8 16. Red1 Rg8 17. b4 Bd8 18. Nb3 Bc7 19. Bf4 Ne5 20. Bxe5 dxe5 21. c5 Rgd8 22. Qf2 b5 23. a4 bxa4 24. Rxd8+ Rxd8 25. Nxa4 Bxe4 26. fxe4 Qxb4 27. Qa2 Qxe4 28. Nc3 Qf4 29. g3 Qh6 30. Qxa6 e4 31. Qe2 Bxg3 32. Rd1 Rb8 33. Qg2 Bf4 34. Nd4 Ng4 35. Nc6 Rf8 36. Rd8 Rxd8 37. Nxd8 Kg8 38. h3 Ne3 39. Qf2 Qg5 40. Nc6 Nxf1 41. Nxe4 Ng3+ 42. Nxg3 Bxg3 43. Qd4 h6 44. Qd7 Qf4 45. Qd3 Qc1+ 46. Kg2 Qxc5 47. Qd8+ Kh7 48. Qd3+ f5 49. Nd4 Be5 50. Nf3 Bf6 51. Qd7 Qc2+ 52. Kf1 Qe4 53. Qd1 Qf4 54. Kg2 e5 55. Qe2 e4 56. Nd2 Be5 57. Nf1 Qg5+ 58. Kh1 Bd4 59. Qh2 f4 60. h4 Qg4 61. h5 Qf3+ 0-1

[Event "Dieren op"]
[Site "Dieren"]
[Date "2022.07.27"]
[Round "2"]
[White "Lahaye, Rick"]
[Black "Stillger, Bernhard"]
[Result "1-0"]
[WhiteElo "2417"]
[BlackElo "2245"]
[PlyCount "88"]
[EventDate "2022.07.26"]
[EventType "swiss"]
[EventRounds "9"]
[EventCountry "NED"]
[SourceTitle "CBM 209 Extra"]
[Source "ChessBase"]
[SourceDate "2022.09.30"]
[SourceVersion "1"]
[SourceVersionDate "2022.09.30"]
[SourceQuality "1"]

1. e4 c6 2. d4 d5 3. exd5 cxd5 4. c4 Nf6 5. Nc3 g6 6. Qb3 Bg7 7. cxd5 0-0 8. Nf3 Nbd7 9. Be2 Nb6 10. 0-0 Nbxd5 11. Re1 b6 12. Ne5 Bb7 13. Bf3 e6 14. Bg5 Rc8 15. Rac1 Qd6 16. Nb5 Qb8 17. Rxc8 Rxc8 18. Bxf6 Bxf6 19. Nd7 Qf4 20. Nxf6+ Qxf6 21. Nd6 Rb8 22. Nxb7 Rxb7 23. Bxd5 exd5 24. Re8+ Kg7 25. Qa3 Kh6 26. Qh3+ Kg7 27. Qa3 Kh6 28. Qf8+ Qg7 29. Qb4 f6 30. Qd2+ g5 31. Qe3 Qg6 32. h4 Kg7 33. hxg5 Qxg5 34. Qc3 Qf5 35. Re3 Kf7 36. Rf3 Qe6 37. Qc2 Qe1+ 38. Kh2 Qe4 39. Qc6 Qh4+ 40. Rh3 Qf4+ 41. Kg1 Rb8 42. Qd7+ Kf8 43. Rxh7 Qc1+ 44. Kh2 Qf4+ 1-0

[Event "Maastricht Limburg op 14th"]
[Site "Maastricht"]
[Date "2022.06.05"]
[Round "5"]
[White "Lahaye, Rick"]
[Black "Dardha, Daniel"]
[Result "0-1"]
[WhiteElo "2412"]
[BlackElo "2555"]
[PlyCount "132"]
[EventDate "2022.06.03"]
[EventType "swiss"]
[EventRounds "7"]
[EventCountry "NED"]
[SourceTitle "CBM 208 Extra"]
[Source "ChessBase"]
[SourceDate "2022.07.31"]
[SourceVersion "1"]
[SourceVersionDate "2022.07.31"]
[SourceQuality "1"]

1. c4 d6 2. e3 e5 3. a3 g6 4. b4 Bg7 5. Bb2 f5 6. d4 Qe7 7. Be2 Nh6 8. Nc3 Nd7 9. c5 Nf6 10. cxd6 cxd6 11. Bb5+ Kf8 12. dxe5 dxe5 13. Bc4 Be6 14. Bxe6 Qxe6 15. Nb5 Rc8 16. Nf3 Nf7 17. Nxa7 Rd8 18. Qc2 Ne4 19. 0-0 Bf6 20. Nb5 Rc8 21. Qe2 Kg7 22. Rac1 Qb3 23. Rc7 Rxc7 24. Nxc7 Rd8 25. Ba1 Kg8 26. Qb5 Ned6 27. Qc5 Ne4 28. Qb5 Ned6 29. Qd5 Qc4 30. Qxc4 Nxc4 31. Nb5 Ra8 32. Bc3 Kg7 33. Ra1 Rc8 34. a4 g5 35. a5 g4 36. Nd2 Nfd6 37. Nxc4 Nxb5 38. a6 bxa6 39. Bxe5 Rxc4 40. Bxf6+ Kxf6 41. Rxa6+ Kg5 42. h3 Rxb4 43. hxg4 fxg4 44. Rc6 Rb3 45. Rc5+ Kg6 46. Rc6+ Kg7 47. Rc4 h5 48. Rc5 Kg6 49. Rc6+ Kg7 50. Rc5 Nd6 51. Rxh5 Ne4 52. Rf5 Kg6 53. Rf4 Nf6 54. Kh2 Rb1 55. Rc4 Kg5 56. Rc5+ Kg6 57. Rc4 Rb5 58. f3 Kg5 59. Rc3 Kh4 60. Rc4 Rb3 61. g3+ Kg5 62. Rc5+ Kg6 63. fxg4 Rb2+ 64. Kg1 Nxg4 65. Rc6+ Kf5 66. Rc4 Rb1+ 0-1

[Event "Haarlem Masters"]
[Site "Haarlem"]
[Date "2019.10.25"]
[Round "7"]
[White "Gijswijt, Bart"]
[Black "Lahaye, Rick"]
[Result "0-1"]
[WhiteElo "2387"]
[BlackElo "2414"]
[PlyCount "186"]
[EventDate "2019.10.19"]
[EventType "tourn"]
[EventRounds "9"]
[EventCountry "NED"]
[EventCategory "4"]
[SourceTitle "CBM 192 Extra"]
[Source "Chessbase"]
[SourceDate "2019.11.06"]
[SourceVersion "1"]
[SourceVersionDate "2019.11.06"]
[SourceQuality "1"]

1. d4 Nf6 2. c4 g6 3. Nc3 Bg7 4. e4 d6 5. Nf3 0-0 6. Be2 e5 7. 0-0 Nc6 8. d5 Ne7 9. b4 Ne8 10. c5 f5 11. Ng5 fxe4 12. Ngxe4 Nf5 13. Bg5 Nf6 14. Rc1 a5 15. b5 dxc5 16. Bc4 Nd6 17. Qe2 b6 18. Bh4 Qe8 19. Bg3 Nh5 20. Rce1 Bf5 21. Bd3 Nf4 22. Qd1 Qd7 23. Bc2 Nxb5 24. Ba4 Nxc3 25. Nxc3 Qf7 26. Bc6 Rad8 27. Bxf4 exf4 28. d6 Kh8 29. Bd5 Qd7 30. dxc7 Qxc7 31. Qf3 Rfe8 32. Nb5 Qb8 33. Rxe8+ Rxe8 34. Bc6 Rd8 35. Re1 Bf6 36. g3 fxg3 37. hxg3 h5 38. Re3 Kg7 39. Qe2 Rf8 40. Bf3 Qd8 41. Na7 Qd4 42. Nc6 Qa1+ 43. Kg2 Qb2 44. Qxb2 Bxb2 45. Rb3 Bf6 46. Rxb6 c4 47. Nxa5 c3 48. Nb3 c2 49. a4 Rc8 50. a5 Bd4 51. Rb4 Rc3 52. Nc1 Bc5 53. Rb7+ Kf6 54. Rc7 Bd4 55. Rxc3 Bxc3 56. a6 Bd4 57. Nb3 Ba7 58. Bc6 g5 59. f4 gxf4 60. gxf4 h4 61. Kf3 h3 62. Kg3 Be3 63. Kf3 Bg1 64. Kg3 Be6 65. Nc1 Be3 66. Be4 Bf5 67. Bxf5 Kxf5 68. Kxh3 Bxc1 69. a7 Bxf4 70. a8Q c1Q 71. Qd5+ Be5 72. Qd3+ Kf6 73. Qd8+ Ke6 74. Qe8+ Kd5 75. Qd7+ Ke4 76. Qg4+ Ke3 77. Qg5+ Bf4 78. Qe7+ Kf2 79. Kg4 Be3 80. Qf7+ Kg1 81. Qf3 Qc8+ 82. Qf5 Qc6 83. Qe5 Kf2 84. Qh2+ Ke1 85. Qg3+ Ke2 86. Qh2+ Kd1 87. Qe5 Ke2 88. Qh2+ Kd3 89. Qh7+ Kc3 90. Qg7+ Bd4 91. Qf7 Qg2+ 92. Kf5 Qh3+ 93. Ke4 Qd3+ 0-1

[Event "Haarlem Masters"]
[Site "Haarlem"]
[Date "2019.10.20"]
[Round "2"]
[White "Lahaye, Rick"]
[Black "De Strycker, Nathan"]
[Result "1-0"]
[WhiteElo "2414"]
[BlackElo "2302"]
[PlyCount "77"]
[EventDate "2019.10.19"]
[EventType "tourn"]
[EventRounds "9"]
[EventCountry "NED"]
[EventCategory "4"]
[SourceTitle "CBM 192 Extra"]
[Source "Chessbase"]
[SourceDate "2019.11.06"]
[SourceVersion "1"]
[SourceVersionDate "2019.11.06"]
[SourceQuality "1"]

1. c4 Nf6 2. Nc3 c5 3. e3 g6 4. g4 h6 5. Bg2 Bg7 6. h3 Nc6 7. Nge2 d6 8. d3 Bd7 9. a3 0-0 10. 0-0 a6 11. f4 Rb8 12. a4 Ne8 13. f5 e6 14. fxg6 fxg6 15. Rxf8+ Bxf8 16. d4 cxd4 17. exd4 Bg7 18. Be3 e5 19. d5 Na5 20. b3 b5 21. axb5 axb5 22. c5 dxc5 23. Bxc5 Nb7 24. b4 Ned6 25. Ng3 Rc8 26. Nce4 Bf8 27. Qd3 Be8 28. Bf2 Nxe4 29. Bxe4 Qf6 30. Ra7 Rc1+ 31. Kg2 Nd6 32. Ra6 Qg7 33. Bc5 Nc4 34. d6 Bd7 35. Ra7 h5 36. g5 Bxd6 37. Ra8+ Kh7 38. Nxh5 Bxc5 39. Bxg6+ 1-0

[Event "Dieren op"]
[Site "Dieren"]
[Date "2019.08.01"]
[Round "9"]
[White "Ashwath, R."]
[Black "Lahaye, Rick"]
[Result "1-0"]
[WhiteElo "2365"]
[BlackElo "2421"]
[PlyCount "93"]
[EventDate "2019.07.23"]
[EventType "swiss"]
[EventRounds "9"]
[EventCountry "NED"]
[SourceTitle "CBM 191 Extra"]
[Source "ChessBase"]
[SourceDate "2019.09.30"]
[SourceVersion "1"]
[SourceVersionDate "2019.09.30"]
[SourceQuality "1"]

1. d4 d5 2. c4 e6 3. Nc3 Nf6 4. cxd5 exd5 5. Bg5 Be7 6. e3 Nbd7 7. Bd3 Nf8 8. Nf3 Ne6 9. Bh4 g6 10. 0-0 Ng7 11. b4 Bf5 12. Bxf5 Nxf5 13. Bxf6 Bxf6 14. Nxd5 Qxd5 15. e4 Qd7 16. exf5 0-0-0 17. fxg6 hxg6 18. Qb3 Rh5 19. Rac1 Rd5 20. Rc5 b6 21. Rc4 Kb8 22. h3 b5 23. Rc5 Bxd4 24. Rxd5 Qxd5 25. Nxd4 Qxd4 26. Qxf7 Qxb4 27. Qxg6 a5 28. Rc1 Qa4 29. Qh5 b4 30. Rc5 Qxa2 31. Qh7 Rc8 32. Rb5+ Ka7 33. Qf5 Qc4 34. Rc5 Qd4 35. Rd5 Qc4 36. Rc5 Qd4 37. Rxa5+ Kb7 38. Rb5+ Kc6 39. Ra5 Qd1+ 40. Kh2 Qd6+ 41. g3 Rb8 42. Qe4+ Kb6 43. Rd5 Qf8 44. Rf5 Qd6 45. Rd5 Qf8 46. Qd4+ Kb7 47. Rc5 1-0